Statistiques concernant Qui est-ce ? (#1)

Cliquez ici pour prendre le quiz!

Statistiques générales

  • Ce quiz a été pris 95 fois
    (49 depuis la dernière actualisation)
  • Le résultat moyen est 5 sur 10

Statistiques - réponses

Indices Personnage important % Correct
007James Bond
96%
E=mc2Albert Einstein
91%
Chancelier d'Allemagne lors de la Seconde Guerre MondialeAdolf Hitler
83%
Meilleur joueur de soccer au mondeChristiano Ronaldo ou Lionel Messi
61%
Créateur du plan cartésienRené Descartes
50%
Artiste ayant peint « Les Demoiselles d'Avignon »Pablo Picasso
37%
Marqueur de trois points des Warriors de Golden State (Basketball)Stephen Curry
33%
Capitaine des Bruins de BostonZdeno Chara
4%
Premier premier ministre du CanadaJohn A MacDonald
2%
Meilleur joueur de hockey des Oilers d'Edmonton dans son histoireWayne Gretzky
2%

Distribution des résultats

Percentile by Number Answered

% des personnes avec chaque résultat

Votre développement - résultats

Vous n’avez pas pris ce quiz depuis la dernière actualisation